000 00695cam a22002537a 4500
001 001742
003 armpunfd
005 20140612090649.0
008 050912e0####xx#a##########000#0#und#d
040 _aarmpunfd
_carmpunfd
080 _a342 B 473
100 1 0 _a Bidart Campos, German Jose
245 1 0 _aDerecho politico
260 _a Uenos Aires : Aguilar
_b1967. 2ยบ Ed. 633 P.
650 7 _a Actos Politicos
_2LEMB
650 7 _a Democracia
_2LEMB
650 7 _a Derecho Politico
_2LEMB
650 7 _a Soberania
_2LEMB
650 7 _a Sociedad
_2LEMB
650 7 _a Sufragio
_2LEMB
650 7 _a Teoria Del Estado
_2LEMB
942 _cLB
_2cdu
945 _aCatalis
_d2010-08-19
999 _c1733
_d232237